000 00343pam a2200157a 44500
008 230515b2015 xxu||||| |||| 00| 0 eng d
020 _aNULL
041 _aENGLISH
082 _a611
100 _aCHAURASIA B D
245 _aHANDBOOK OF GENREAL ANATOMY
250 _a5
260 _a
_bC B S PUB
_c2015
300 _a370
650 _aNULL
999 _c564974
_d564974